| 000 | 00653nam a2200241 a 4500 | ||
|---|---|---|---|
| 001 | 0001-1296 | ||
| 003 | ELIB.Books | ||
| 008 | 150702 2010 eng | ||
| 020 | _a06098088X | ||
| 035 | _a(ELIB.Books)0001-1451 | ||
| 092 |
_a158.1 _bCoo |
||
| 100 | _aCooper, Robert K. | ||
| 245 |
_aThe Other 90%: _bHow to Unlock Your Vast Untapped Potential for Leadership and Life |
||
| 260 |
_aNew York _bThree Rivers Press _c2001 |
||
| 300 |
_a316 _c19.5 Cm |
||
| 500 | _aLibrary | ||
| 650 | _aPsychology | ||
| 856 |
_nKBTS: Library _uKBTS: Elib |
||
| 942 |
_2ddc _cBK |
||
| 990 | _a1 | ||
| 998 |
_cbat _e2015-07-02 |
||
| 999 |
_c11296 _d11296 |
||